English for Internacional tourism : teacher's resource book (Registro nro. 1820)
[ vista simple ]
| 000 -CABECERA | |
|---|---|
| campo de control de longitud fija | 00553aam a2200205 4500 |
| 005 - FECHA Y HORA DE ACTUALIZACIÓN | |
| campo de control | 20161115150045.0 |
| 008 - LONGITUD FIJA | |
| campo de control de longitud fija | 150716b xxu||||| |||| 00| 0 spa d |
| 041 ## - IDIOMA | |
| Código de idioma del texto/pista de sonido o título separado | |
| 082 ## - CLASIFICACIÓN DECIMAL DEWEY | |
| Número de clasificación | 428 S927e |
| 100 ## - AUTOR PERSONAL | |
| Nombre de persona | Strutt, Peter |
| 100 ## - AUTOR PERSONAL | |
| Nombre de persona | Jacob, Miriam |
| 245 ## - TÍTULO PROPIAMENTE DICHO | |
| Título | English for Internacional tourism : teacher's resource book |
| 260 ## - PIE DE IMPRENTA | |
| Lugar de publicación, distribución, etc. | Estados Unidos |
| 260 ## - PIE DE IMPRENTA | |
| Nombre del editor, distribuidor, etc. | Pearson Educación |
| 260 ## - PIE DE IMPRENTA | |
| Fecha de publicación, distribución, etc. | 2003 |
| 300 ## - DESCRIPCIÓN FÍSICA | |
| Extensión | 50 páginas |
| 650 ## - Materia General | |
| Materia general | INGLES ENSEÑANZA |
| 650 ## - Materia General | |
| Materia general | INGLES PARA TURISMO |
| 942 ## - Punto de Acceso Adicional Koha | |
| Tipo de ítem Koha | Libro |
| Estado perdido | Estado dañado | No para préstamo | Biblioteca permanente | Biblioteca actual | Signatura completa | Código de barras | Precio efectivo a partir del | Tipo de ítem |
|---|---|---|---|---|---|---|---|---|
| Departamento de Biblioteca y Documentación Alfonso Chase Brenes | Departamento de Biblioteca y Documentación Alfonso Chase Brenes | 428 S927e | 10559 | 15/11/2016 | Libro |